STELL AND MARAN`S HEAD AND NECK SURGERY / (Record no. 797465)

MARC details
000 -LEADER
fixed length control field 00444pam a2200157 a 4500
020 ## - INTERNATIONAL STANDARD BOOK NUMBER
International Standard Book Number 97807506633666
Terms of availability
041 ## - LANGUAGE CODE
Language code of original
082 ## - DEWEY DECIMAL CLASSIFICATION NUMBER
Classification number 617
Item number WAT/GAZ
100 ## - MAIN ENTRY--PERSONAL NAME
Personal name WATKINSON, J .C.,GAZE, M .N.,.WILSON, J .A.
245 ## - TITLE STATEMENT
Title STELL AND MARAN`S HEAD AND NECK SURGERY /
Statement of responsibility, etc. NULL.
Medium Textual Documents
250 ## - EDITION STATEMENT
Edition statement 4ED /
Remainder of edition statement .
260 ## - PUBLICATION, DISTRIBUTION, ETC.
Place of publication, distribution, etc. NULL :
Name of publisher, distributor, etc. HODDER ARNOLD ,
Date of publication, distribution, etc. 2000.
300 ## - PHYSICAL DESCRIPTION
Extent 520 : :
Other physical details VIII ; ;
Dimensions A4 . +
Accompanying material HB.
650 ## - SUBJECT ADDED ENTRY--TOPICAL TERM
Topical term or geographic name entry element ENT
930 ## - EQUIVALENCE OR CROSS-REFERENCE-UNIFORM TITLE HEADING [LOCAL, CANADA]
Uniform title 2930
Holdings
Withdrawn status Lost status Damaged status Not for loan Collection Home library Current library Date acquired Source of acquisition Cost, normal purchase price Total Checkouts Full call number Barcode Date last seen Copy number Price effective from Koha item type
          Medical College & Hospital, Sangli Medical College & Hospital, Sangli 11/09/2008 B.M.S.G.B.PUNE 3600.00   617 WAT/GAZ MCS-6865 26/07/2023 2 26/07/2023 Book
          Medical College & Hospital, Sangli Medical College & Hospital, Sangli 11/09/2008 B.M.S.G.B.PUNE 3600.00   617 WAT/GAZ MCS-6864 26/07/2023 1 26/07/2023 Book